<?xml version="1.0" encoding="UTF-8"?><OAI-PMH xmlns="http://www.openarchives.org/OAI/2.0/" xmlns:xsi="http://www.w3.org/2001/XMLSchema-instance"     xsi:schemaLocation="http://www.openarchives.org/OAI/2.0/ http://www.openarchives.org/OAI/2.0/OAI-PMH.xsd"><responseDate>2026-05-16T22:13:57Z</responseDate><request verb="GetRecord" identifier="oai:regmurcia.com:fintegr.7" metadataPrefix="marc21">http://oai.regmurcia.com/oai2/oai2.php</request><GetRecord><record><header><identifier>oai:regmurcia.com:fintegr.7</identifier><datestamp>2026-05-17</datestamp><setSpec>documentos</setSpec></header><metadata><record  xmlns="http://www.loc.gov/MARC21/slim" xmlns:xsi="http://www.w3.org/2001/XMLSchema-instance" xsi:schemaLocation="http://www.loc.gov/MARC21/slim http://www.loc.gov/standards/marcxml/schema/MARC21slim.xsd" type="Bibliographic"><leader>00000nam a2200000   4500</leader><controlfield tag="001" >005075323</controlfield><controlfield tag="003" >7</controlfield><controlfield tag="004" >A00000000</controlfield><datafield tag="245" ind1=" " ind2=" "><subfield code="a">Cartulario real de Juan I y Enrique III</subfield></datafield><datafield tag="300" ind1=" " ind2=" "><subfield code="c">388 x 275 mm</subfield></datafield><datafield tag="300" ind1=" " ind2=" "><subfield code="a">3 h. + 181 fol.</subfield></datafield><datafield tag="351" ind1=" " ind2=" "><subfield code="a">Unidad documental</subfield><subfield code="c">Archivo de Murcia. Array</subfield><subfield code="a">Unidad documental</subfield><subfield code="c">Archivo de Murcia. Array</subfield></datafield><datafield tag="351" ind1=" " ind2=" "><subfield code="b">Nº 797</subfield></datafield><datafield tag="506" ind1=" " ind2=" "><subfield code="a">Acceso restringido</subfield></datafield><datafield tag="510" ind1=" " ind2=" "><subfield code="a">Pub. en parte en: BEJARANO RUBIO, A. Y MOLINA MOLINA, A. L. Documentos de Juan I. Academia Alfonso X El Sabio, 2001</subfield></datafield><datafield tag="520" ind1=" " ind2=" "><subfield code="a">Contiene índice.&lt;br&gt;Contiene 264 documentos: 208 reales y 55 particulares.&lt;br&gt;&lt;br&gt;Cartas de Juan Alfonso del Castillo:&lt;br&gt;al R. de Murcia y O. de Cartagena. 1381-2-15. 9v&lt;br&gt;al R. de Murcia y O. de Cartagena. 1381-2-28. 9v-10r&lt;br&gt;al R. de Murcia y O. de Cartagena. 1381-3-1. 10r-v&lt;br&gt;al R. de Murcia y O. de Cartagena. 1381-3-3. 11r-v&lt;br&gt;al R. de Murcia y O. de Cartagena. 1381-5-12. 16r&lt;br&gt;al R. de Murcia y O. de Cartagena. 1381-4-26. Murcia. 15v-16r&lt;br&gt;al concejo de Murcia. 1384-3-31. 95r&lt;br&gt;al concejo de Murcia. 1384-4-5. 95v&lt;br&gt;al R. de Murcia y O. de Cartagena. 1385-12-6. 100v&lt;br&gt;&lt;br&gt;Cartas de Salomón Aben Villa de Chinchilla:&lt;br&gt;al concejo de Murcia. 1381-2-28. 10v&lt;br&gt;al concejo de Murcia. 1381-2-28. 10v-11r&lt;br&gt;&lt;br&gt;Cartas de Juan Sánchez Manuel:&lt;br&gt;al concejo de Murcia. ?-3-12. 12v&lt;br&gt;al concejo de Murcia. 1381-8-27. 20r-v&lt;br&gt;al concejo de Murcia. 1382-2-2. 33v-34r&lt;br&gt;al concejo de Murcia. 1382-2-16. 43r-44v&lt;br&gt;al concejo de Murcia. 1382-2-14. 44r&lt;br&gt;al concejo de Murcia. 1382-2-22. 44v&lt;br&gt;al concejo de Murcia. 1382-5-23. 51v-52r&lt;br&gt;al concejo de Murcia. ?-4-17. 15r-v&lt;br&gt;&lt;br&gt;Cartas de Gonzalo Sánchez de Heredia:&lt;br&gt;al alcalde y comisario. 1381-10-7. Segovia. 27r-v&lt;br&gt;a Alvar Sánchez de Cañete. 1381-4-25. Segovia. 47v-48v&lt;br&gt;a Juan Tomás. ?-3-14. Requena. 63v-64r&lt;br&gt;al concejo de Murcia. 1383-3-13. 64r-v&lt;br&gt;&lt;br&gt;Cartas de Yuda Aben Comiel:&lt;br&gt;al R. de Murcia y O. de Cartagena. 1383-5-6. Traslado. 69r-v&lt;br&gt;&lt;br&gt;Cartas de Abrahim Diosayuda:&lt;br&gt;a Juan Alfonso del Castillo. 1383-8-17. 72v&lt;br&gt;&lt;br&gt;Cartas de Pedro Fernández Cabeza de Vaca:&lt;br&gt;al concejo de Murcia. 1383?-10-19. Ocaña. 73r-78v&lt;br&gt;&lt;br&gt;Cartas del maestre de Santiago:&lt;br&gt;a Alfonso Fernández de Saavedra. 1383-10-18. Ocaña. 78r&lt;br&gt;&lt;br&gt;Cartas de Alfonso Yañez Fajardo:&lt;br&gt;al concejo de Murcia. 1383-12-12. 82v-83r&lt;br&gt;&lt;br&gt;Cartas del Obispo de Cartagena:&lt;br&gt;al concejo de Murcia. [1384]-2-25. Cartagena. 83r&lt;br&gt;&lt;br&gt;Cartas de Isabel, mujer de Juan Ruiz Carrillo:&lt;br&gt;1382-5-2. 28v-29r&lt;br&gt;&lt;br&gt;Acuerdo entre Murcia y Orihuela. 1382-8-1. 32r-33v&lt;br&gt;Concordia entre Murcia y Orihuela. 35v-36v&lt;br&gt;&lt;br&gt;Cartas del concejo de Lorca:&lt;br&gt;al concejo de Murcia. 1382-2-2. Lorca. 34r-v&lt;br&gt;&lt;br&gt;Cartas de Juan Moratón al concejo de Murcia. 1382-2-3. Murcia. 34v-35r&lt;br&gt;&lt;br&gt;Cartas de Moisés Aben Turiel:&lt;br&gt;al R. de Murcia y O. de Cartagena. 1382-1-15. 41v-42r&lt;br&gt;al R. de Murcia y O. de Cartagena. 1382-1-13. 42r-v&lt;br&gt;al R. de Murcia y O. de Cartagena. 42v&lt;br&gt;al R. de Murcia y O. de Cartagena. 43r&lt;br&gt;&lt;br&gt;Cartas de Mahomat, rey de Granada:&lt;br&gt;al Reino de Castilla. ?-6-20. Granada. 52v&lt;br&gt;&lt;br&gt;Cartas de Yusef Aben Berga:&lt;br&gt;al R. de Murcia y O. de Cartagena. 1383-1-14. 59r-v&lt;br&gt;&lt;br&gt;Cartas de los Contadores Mayores del rey:&lt;br&gt;al R. de Murcia y O. de Cartagena. 1384-1-30. 85v-86v&lt;br&gt;&lt;br&gt;Carta de los arrendadores mayores de las alcabalas y monedas del R. de Murcia y O. de Cartagena:&lt;br&gt;general. 1384-4-4. 95r-v&lt;br&gt;&lt;br&gt;Carta de D. Fernando, Obispo de Cartagena:&lt;br&gt;a Fernando Oller. 1389-4-21. Murcia. 97r-v&lt;br&gt;&lt;br&gt;Carta de Pedro Gómezde Dávalos:&lt;br&gt;general. 1386-1-8. 100r-v&lt;br&gt;&lt;br&gt;Sentencia criminal. 1385-2-20. [Murcia]. 101r-v&lt;br&gt;Sentencia criminal. 1385-2-20. Murcia. 102r-v&lt;br&gt;&lt;br&gt;Cartas del Arzobispo de Toledo:&lt;br&gt;al concejo de Murcia. 1384-5-3. Almuñécar. 104v&lt;br&gt;a los contadores mayores. 1384-4-2. 104v&lt;br&gt;al concejo de Murcia. 1384-5-3. Almuñécar. 15v&lt;br&gt;al concejo de Murcia. 1384-7-19. 112r&lt;br&gt;&lt;br&gt;Carta de Manuela, reina de Castilla:&lt;br&gt;al concejo de Murcia. 1382-1-25. Valladolid. 49r&lt;br&gt;&lt;br&gt;Carta de Alfonso, hijo del infante Pedro de Aragón:&lt;br&gt;general. 1384-7-3. Albacete. 105-106r&lt;br&gt;general. 1384-7-2. Albacete. 106r-107v&lt;br&gt;&lt;br&gt;Carta de Pedro Gómez de Mendoza:&lt;br&gt;al concejo de Murcia. 1384-7-23. 112r-v&lt;br&gt;&lt;br&gt;Testimonio de Alfonso Pérez:&lt;br&gt;1384-8-7. Cebolla. 116r-v&lt;br&gt;&lt;br&gt;Carta de Diego González de Medina:&lt;br&gt;a Juan Montesinos. 1387-7-16. 122r&lt;br&gt;&lt;br&gt;Testimonio de Alfonso Díaz de Jerez:&lt;br&gt;1388-9-10. 144r-145r&lt;br&gt;&lt;br&gt;Acuerdo entre Murcia y Villena. 1387-1-13. Hellín. 146r-v&lt;br&gt;&lt;br&gt;Carta de Juan Sánchez de</subfield></datafield><datafield tag="583" ind1=" " ind2=" "><subfield code="u">http://www.regmurcia.com/servlet/s.Sl?METHOD=VERDOCUMENTO&amp;sit=serv,Carmesi&amp;n=/01/727/indice.djvu</subfield></datafield><datafield tag="592" ind1=" " ind2=" "><subfield code="a">1380/1391</subfield></datafield><datafield tag="592" ind1=" " ind2=" "><subfield code="d">1391-12-31 00:00:00</subfield></datafield><datafield tag="786" ind1=" " ind2=" "><subfield code="o">http://www.regmurcia.com/servlet/s.Sl?METHOD=VERDOCUMENTO&amp;sit=serv,Carmesi&amp;n=/01/727/indice.djvu</subfield></datafield><datafield tag="856" ind1=" " ind2=" "><subfield code="u">http://www.regmurcia.com/servlet/s.Sl?METHOD=DETALLE&amp;sit=c,373,m,139,serv,Carmesi&amp;id=7</subfield></datafield></record></metadata></record></GetRecord></OAI-PMH>
